{"text_format":"3","workbook":"xlsx","n_sheets":1,"sheets":["t221"],"read":"whole","date_system":"1900"}

{"sheet":"t221","index":0,"n_rows":172,"n_cols":7,"rows_kept":172,"merged":[[0,0,0,6],[30,0,30,5],[45,0,45,5],[149,0,149,5]]}
["TABELA 221.1 - Estatísticas Agrícolas, Município de Ibaté, Estado de São Paulo, 2007/08."]
["ITEM","UNIDADE","N.DE UPAs","MÍNIMO","MÉDIO","MÁXIMO","TOTAL"]
["Distância à sede do município","km",138,0.3,{"v":8.58,"d":"8.6"},{"v":24,"d":"24.0"},"-"]
["Área total","hectare",138,{"v":1,"d":"1.0"},{"v":271.94,"d":"271.9"},{"v":5658,"d":"5,658.0"},{"v":37528,"d":"37,528.0"}]
["Área com cultura perene","hectare",11,0.2,{"v":226.23,"d":"226.2"},{"v":1100,"d":"1,100.0"},{"v":2488.5,"d":"2,488.5"}]
["Área com cultura temporária","hectare",104,0.2,{"v":171.57,"d":"171.6"},{"v":2886.4,"d":"2,886.4"},{"v":17843.5,"d":"17,843.5"}]
["Área com pastagem","hectare",88,0.4,{"v":50.86,"d":"50.9"},798.6,{"v":4475.4,"d":"4,475.4"}]
["Área com reflorestamento","hectare",13,0.3,{"v":451.38,"d":"451.4"},{"v":4379,"d":"4,379.0"},{"v":5867.9,"d":"5,867.9"}]
["Área com vegetação natural","hectare",79,0.2,{"v":62.55,"d":"62.6"},{"v":1000,"d":"1,000.0"},{"v":4941.3,"d":"4,941.3"}]
["Área com vegetação de brejo e várzea","hectare",1,7.4,7.4,7.4,7.4]
["Área em descanso","hectare",4,{"v":4,"d":"4.0"},{"v":39.65,"d":"39.7"},93.9,158.6]
["Área complementar","hectare",113,0.1,{"v":15.45,"d":"15.5"},{"v":279,"d":"279.0"},{"v":1745.4,"d":"1,745.4"}]
["Área das UPAs com (0, 1] ha","hectare",1,{"v":1,"d":"1.0"},{"v":1,"d":"1.0"},{"v":1,"d":"1.0"},{"v":1,"d":"1.0"}]
["Área das UPAs com (1, 2] ha","hectare",3,1.6,1.8,{"v":2,"d":"2.0"},5.4]
["Área das UPAs com (2, 5] ha","hectare",11,2.1,{"v":3.25,"d":"3.3"},4.8,35.7]
["Área das UPAs com (5, 10] ha","hectare",15,5.3,{"v":7.58,"d":"7.6"},9.7,113.7]
["Área das UPAs com (10, 20] ha","hectare",19,10.4,{"v":13.01,"d":"13.0"},19.4,247.1]
["Área das UPAs com (20, 50] ha","hectare",29,20.6,{"v":33.51,"d":"33.5"},48.4,971.8]
["Área das UPAs com (50, 100] ha","hectare",14,59.1,{"v":70.29,"d":"70.3"},89.5,{"v":984,"d":"984.0"}]
["Área das UPAs com (100, 200] ha","hectare",11,111.2,{"v":145.94,"d":"145.9"},171.3,{"v":1605.3,"d":"1,605.3"}]
["Área das UPAs com (200, 500] ha","hectare",15,215.9,{"v":277.07,"d":"277.1"},{"v":432,"d":"432.0"},{"v":4156,"d":"4,156.0"}]
["Área das UPAs com (500, 1.000] ha","hectare",6,{"v":577,"d":"577.0"},{"v":684.05,"d":"684.1"},951.5,{"v":4104.3,"d":"4,104.3"}]
["Área das UPAs com (1.000, 2.000] ha","hectare",12,{"v":1094,"d":"1,094.0"},{"v":1302.75,"d":"1,302.8"},{"v":1640.4,"d":"1,640.4"},{"v":15633,"d":"15,633.0"}]
["Área das UPAs com (2.000, 5.000] ha","hectare",1,{"v":4012.7,"d":"4,012.7"},{"v":4012.7,"d":"4,012.7"},{"v":4012.7,"d":"4,012.7"},{"v":4012.7,"d":"4,012.7"}]
["Área das UPAs com (5.000, 10.000] ha","hectare",1,{"v":5658,"d":"5,658.0"},{"v":5658,"d":"5,658.0"},{"v":5658,"d":"5,658.0"},{"v":5658,"d":"5,658.0"}]
["Área das UPAs acima de 10.000 ha","hectare","-","-","-","-","-"]
["Familiares do proprietário que trabalham na UPA","unidade",94,{"v":1,"d":"1.0"},{"v":1.65,"d":"1.7"},{"v":5,"d":"5.0"},{"v":155,"d":"155.0"}]
["Trabalhadores permanentes","unidade",67,{"v":1,"d":"1.0"},{"v":8.03,"d":"8.0"},{"v":100,"d":"100.0"},{"v":538,"d":"538.0"}]
["Fonte: Secretaria de Agricultura e Abastecimento, CDRS/IEA, Projeto LUPA."]
[]
["TABELA 221.2 - Explorações Animais, Município de Ibaté, Estado de São Paulo, 2007/08."]
["ITEM","UNIDADE","N.DE UPAs","MÍNIMO","MÉDIO","MÁXIMO","TOTAL"]
["Asininos E Muares","cabeças",14,{"v":1,"d":"1.0"},{"v":3.14,"d":"3.1"},{"v":20,"d":"20.0"},{"v":44,"d":"44.0"}]
["Avicultura de Corte","cabeças/ano",14,{"v":80000,"d":"80,000.0"},{"v":346714.29,"d":"346,714.3"},{"v":1200000,"d":"1,200,000.0"},{"v":4854000,"d":"4,854,000.0"}]
["Bovinocultura de Corte","cabeças",10,{"v":5,"d":"5.0"},305.9,{"v":963,"d":"963.0"},{"v":3059,"d":"3,059.0"}]
["Bovinocultura Leiteira","cabeças",5,{"v":7,"d":"7.0"},44.8,{"v":120,"d":"120.0"},{"v":224,"d":"224.0"}]
["Bovinocultura Mista","cabeças",40,{"v":1,"d":"1.0"},{"v":17.78,"d":"17.8"},{"v":67,"d":"67.0"},{"v":711,"d":"711.0"}]
["Caprinocultura","cabeças",3,{"v":9,"d":"9.0"},{"v":23.33,"d":"23.3"},{"v":51,"d":"51.0"},{"v":70,"d":"70.0"}]
["Equinocultura","cabeças",49,{"v":1,"d":"1.0"},{"v":5.04,"d":"5.0"},{"v":50,"d":"50.0"},{"v":247,"d":"247.0"}]
["Outra Exploração Animal","cabeças",1,{"v":250,"d":"250.0"},{"v":250,"d":"250.0"},{"v":250,"d":"250.0"},{"v":250,"d":"250.0"}]
["Ovinocultura","cabeças",6,{"v":10,"d":"10.0"},{"v":44,"d":"44.0"},{"v":100,"d":"100.0"},{"v":264,"d":"264.0"}]
["Ranicultura","girinos/ano",1,{"v":12000,"d":"12,000.0"},{"v":12000,"d":"12,000.0"},{"v":12000,"d":"12,000.0"},{"v":12000,"d":"12,000.0"}]
["Suinocultura","cabeças",3,{"v":20,"d":"20.0"},{"v":60,"d":"60.0"},{"v":100,"d":"100.0"},{"v":180,"d":"180.0"}]
["Fonte: Secretaria de Agricultura e Abastecimento, CDRS/IEA, Projeto LUPA."]
[]
["TABELA 221.3 -  Máquinas, Implementos e Benfeitorias, Município de Ibaté, Estado de São Paulo, 2007/08."]
["ITEM","UNIDADE","N.DE UPAs","MÍNIMO","MÉDIO","MÁXIMO","TOTAL"]
["Arado Comum (Bacia, Aiveca)","Unidade",37,{"v":1,"d":"1.0"},{"v":1.11,"d":"1.1"},{"v":2,"d":"2.0"},{"v":41,"d":"41.0"}]
["Arado Escarificador","Unidade",6,{"v":1,"d":"1.0"},{"v":2.17,"d":"2.2"},{"v":5,"d":"5.0"},{"v":13,"d":"13.0"}]
["Arado Subsolador","Unidade",6,{"v":1,"d":"1.0"},{"v":3,"d":"3.0"},{"v":12,"d":"12.0"},{"v":18,"d":"18.0"}]
["Batedeira de Cereais","Unidade",1,{"v":1,"d":"1.0"},{"v":1,"d":"1.0"},{"v":1,"d":"1.0"},{"v":1,"d":"1.0"}]
["Câmara Fria","Unidade",1,{"v":1,"d":"1.0"},{"v":1,"d":"1.0"},{"v":1,"d":"1.0"},{"v":1,"d":"1.0"}]
["Carregadeira de Cana","Unidade",6,{"v":1,"d":"1.0"},2.5,{"v":7,"d":"7.0"},{"v":15,"d":"15.0"}]
["Colhedeira Acoplada","Unidade",1,{"v":1,"d":"1.0"},{"v":1,"d":"1.0"},{"v":1,"d":"1.0"},{"v":1,"d":"1.0"}]
["Computador","Unidade",13,{"v":1,"d":"1.0"},{"v":2,"d":"2.0"},{"v":6,"d":"6.0"},{"v":26,"d":"26.0"}]
["Conj.Irrigação Convencional","Unidade",2,{"v":1,"d":"1.0"},{"v":1,"d":"1.0"},{"v":1,"d":"1.0"},{"v":2,"d":"2.0"}]
["Conj.Irrigação/Gotejamento/Microaspersão","Unidade",1,{"v":1,"d":"1.0"},{"v":1,"d":"1.0"},{"v":1,"d":"1.0"},{"v":1,"d":"1.0"}]
["Conjunto de Fenação","Unidade",2,{"v":1,"d":"1.0"},{"v":1,"d":"1.0"},{"v":1,"d":"1.0"},{"v":2,"d":"2.0"}]
["Desintegrador, Picador, Triturador","Unidade",35,{"v":1,"d":"1.0"},{"v":1.14,"d":"1.1"},{"v":2,"d":"2.0"},{"v":40,"d":"40.0"}]
["Distribuidor de Calcário","Unidade",9,{"v":1,"d":"1.0"},{"v":1.22,"d":"1.2"},{"v":2,"d":"2.0"},{"v":11,"d":"11.0"}]
["Ensiladeira","Unidade",7,{"v":1,"d":"1.0"},{"v":1.14,"d":"1.1"},{"v":2,"d":"2.0"},{"v":8,"d":"8.0"}]
["Grade Aradora (Tipo Romi)","Unidade",17,{"v":1,"d":"1.0"},{"v":1,"d":"1.0"},{"v":1,"d":"1.0"},{"v":17,"d":"17.0"}]
["Grade Niveladora","Unidade",31,{"v":1,"d":"1.0"},{"v":1.29,"d":"1.3"},{"v":4,"d":"4.0"},{"v":40,"d":"40.0"}]
["Microtrator","Unidade",4,{"v":1,"d":"1.0"},1.5,{"v":2,"d":"2.0"},{"v":6,"d":"6.0"}]
["Misturador de Ração","Unidade",3,{"v":1,"d":"1.0"},{"v":1,"d":"1.0"},{"v":1,"d":"1.0"},{"v":3,"d":"3.0"}]
["Ordenhadeira Mecânica","Unidade",7,{"v":1,"d":"1.0"},{"v":1,"d":"1.0"},{"v":1,"d":"1.0"},{"v":7,"d":"7.0"}]
["Pulverizador Tratorizado","Unidade",20,{"v":1,"d":"1.0"},2.2,{"v":9,"d":"9.0"},{"v":44,"d":"44.0"}]
["Resfriador de Leite, Tanque Expansão","Unidade",6,{"v":1,"d":"1.0"},{"v":1,"d":"1.0"},{"v":1,"d":"1.0"},{"v":6,"d":"6.0"}]
["Semeadeira/Adubadeira para Plantio Convencional","Unidade",5,{"v":1,"d":"1.0"},{"v":1,"d":"1.0"},{"v":1,"d":"1.0"},{"v":5,"d":"5.0"}]
["Semeadeira/Plantadeira Plantio Direto","Unidade",3,{"v":1,"d":"1.0"},{"v":1,"d":"1.0"},{"v":1,"d":"1.0"},{"v":3,"d":"3.0"}]
["Terraceador","Unidade",3,{"v":1,"d":"1.0"},{"v":1.33,"d":"1.3"},{"v":2,"d":"2.0"},{"v":4,"d":"4.0"}]
["Trator de Esteiras","Unidade",5,{"v":1,"d":"1.0"},{"v":1,"d":"1.0"},{"v":1,"d":"1.0"},{"v":5,"d":"5.0"}]
["Trator de Pneus","Unidade",58,{"v":1,"d":"1.0"},{"v":3.41,"d":"3.4"},{"v":52,"d":"52.0"},{"v":198,"d":"198.0"}]
["Açude/Represa","Unidade",46,{"v":1,"d":"1.0"},{"v":1.87,"d":"1.9"},{"v":8,"d":"8.0"},{"v":86,"d":"86.0"}]
["Alambique","Unidade",1,{"v":1,"d":"1.0"},{"v":1,"d":"1.0"},{"v":1,"d":"1.0"},{"v":1,"d":"1.0"}]
["Almoxarifado/Oficina","Unidade",27,{"v":1,"d":"1.0"},{"v":1.19,"d":"1.2"},{"v":3,"d":"3.0"},{"v":32,"d":"32.0"}]
["Armazém para Grãos Ensacados","Sacas",4,{"v":200,"d":"200.0"},{"v":20875,"d":"20,875.0"},{"v":80000,"d":"80,000.0"},{"v":83500,"d":"83,500.0"}]
["Balança para Bovinos","Unidade",1,{"v":1,"d":"1.0"},{"v":1,"d":"1.0"},{"v":1,"d":"1.0"},{"v":1,"d":"1.0"}]
["Balança para Veículos","Unidade",4,{"v":1,"d":"1.0"},{"v":1,"d":"1.0"},{"v":1,"d":"1.0"},{"v":4,"d":"4.0"}]
["Barracão para Granja/Avicultura","Unidade",16,{"v":1,"d":"1.0"},{"v":3,"d":"3.0"},{"v":12,"d":"12.0"},{"v":48,"d":"48.0"}]
["Barracão/Galpão/Garagem","Unidade",60,{"v":1,"d":"1.0"},{"v":1.55,"d":"1.6"},{"v":4,"d":"4.0"},{"v":93,"d":"93.0"}]
["Biodigestor","Unidade",1,{"v":1,"d":"1.0"},{"v":1,"d":"1.0"},{"v":1,"d":"1.0"},{"v":1,"d":"1.0"}]
["Casa de Moradia Habitada","Unidade",90,{"v":1,"d":"1.0"},{"v":2.88,"d":"2.9"},{"v":37,"d":"37.0"},{"v":259,"d":"259.0"}]
["Casa de Moradia Total","Unidade",102,{"v":1,"d":"1.0"},{"v":4.69,"d":"4.7"},{"v":40,"d":"40.0"},{"v":478,"d":"478.0"}]
["Curral/Mangueira","Unidade",32,{"v":1,"d":"1.0"},{"v":1.09,"d":"1.1"},{"v":2,"d":"2.0"},{"v":35,"d":"35.0"}]
["Depósito/Tulha","Unidade",26,{"v":1,"d":"1.0"},{"v":1.19,"d":"1.2"},{"v":5,"d":"5.0"},{"v":31,"d":"31.0"}]
["Estábulo","Unidade",35,{"v":1,"d":"1.0"},{"v":1.06,"d":"1.1"},{"v":2,"d":"2.0"},{"v":37,"d":"37.0"}]
["Estufa/Plasticultura","m²",11,{"v":1,"d":"1.0"},{"v":2283.73,"d":"2,283.7"},{"v":8000,"d":"8,000.0"},{"v":25121,"d":"25,121.0"}]
["Fábrica de Farinha","Unidade",2,{"v":1,"d":"1.0"},{"v":1,"d":"1.0"},{"v":1,"d":"1.0"},{"v":2,"d":"2.0"}]
["Fábrica de Ração","Unidade",2,{"v":1,"d":"1.0"},{"v":1,"d":"1.0"},{"v":1,"d":"1.0"},{"v":2,"d":"2.0"}]
["Instalações para Equinos","Unidade",5,{"v":1,"d":"1.0"},{"v":4,"d":"4.0"},{"v":10,"d":"10.0"},{"v":20,"d":"20.0"}]
["Máquina de Benefício","Unidade",4,{"v":1,"d":"1.0"},{"v":1.25,"d":"1.3"},{"v":2,"d":"2.0"},{"v":5,"d":"5.0"}]
["Pocilga","Unidade",16,{"v":1,"d":"1.0"},{"v":1.19,"d":"1.2"},{"v":4,"d":"4.0"},{"v":19,"d":"19.0"}]
["Poço Semi-Artesiano","Unidade",17,{"v":1,"d":"1.0"},{"v":1.18,"d":"1.2"},{"v":3,"d":"3.0"},{"v":20,"d":"20.0"}]
["Silo para Grãos","t",1,{"v":24,"d":"24.0"},{"v":24,"d":"24.0"},{"v":24,"d":"24.0"},{"v":24,"d":"24.0"}]
["Silo para Silagem","t",4,{"v":9,"d":"9.0"},{"v":166,"d":"166.0"},{"v":250,"d":"250.0"},{"v":664,"d":"664.0"}]
["Terreiro","m²",14,{"v":100,"d":"100.0"},{"v":1393.5,"d":"1,393.5"},{"v":12500,"d":"12,500.0"},{"v":19509,"d":"19,509.0"}]
["Usina de Açúcar/destilaria","Unidade",1,{"v":1,"d":"1.0"},{"v":1,"d":"1.0"},{"v":1,"d":"1.0"},{"v":1,"d":"1.0"}]
["Fonte: Secretaria de Agricultura e Abastecimento, CDRS/IEA, Projeto LUPA."]
[]
["TABELA 221.4 - Outras Estatísticas Agrícolas, Município de Ibaté, Estado de São Paulo, 2007/08."]
["ITEM","Número de UPAs",null,"Percentual"]
["Faz Parte de Associação de Produtores",36,null,{"v":26.08695652173913,"d":"26.1"}]
["Faz Parte de Cooperativa de Produtores",20,null,{"v":14.492753623188404,"d":"14.5"}]
["Faz Parte do Sindicato de Produtores",23,null,{"v":16.666666666666668,"d":"16.7"}]
["Não utiliza assistência técnica ",38,null,{"v":27.536231884057973,"d":"27.5"}]
["Utiliza somente assistência técnica governamental ",19,null,{"v":13.768115942028986,"d":"13.8"}]
["Utiliza somente assistência técnica privada ",60,null,{"v":43.47826086956522,"d":"43.5"}]
["Utiliza assistência técnica tanto governamental quanto privada",21,null,{"v":15.217391304347826,"d":"15.2"}]
["Utiliza Crédito Rural",24,null,{"v":17.391304347826086,"d":"17.4"}]
["Utiliza Seguro Rural",13,null,{"v":9.420289855072463,"d":"9.4"}]
["Utiliza Escrituração Agrícola",24,null,{"v":17.391304347826086,"d":"17.4"}]
["Acessa Internet p/ Fins na Agropecuária",12,null,{"v":8.695652173913043,"d":"8.7"}]
["Utiliza Computador nas Atividades Agropecuárias",30,null,{"v":21.73913043478261,"d":"21.7"}]
["Utiliza Energia Elétrica Para Uso na Atividade Agrícola",116,null,{"v":84.05797101449275,"d":"84.1"}]
["Realiza Análise de Solo, quando necessário",85,null,{"v":61.59420289855072,"d":"61.6"}]
["Utiliza Práticas de Conservação de Solo, quando necessário",120,null,{"v":86.95652173913044,"d":"87.0"}]
["Faz Adubação Mineral, quando necessário",99,null,{"v":71.73913043478261,"d":"71.7"}]
["Faz Adubação Orgânica, quando necessário",32,null,{"v":23.18840579710145,"d":"23.2"}]
["Faz Adubação Verde, quando necessário",2,null,{"v":1.4492753623188406,"d":"1.4"}]
["Utiliza Manejo Integrado de Pragas (MIP)",1,null,{"v":0.7246376811594203,"d":"0.7"}]
["Utiliza Hidroponia","-",null,"-"]
["Utiliza Plasticultura",11,null,{"v":7.971014492753623,"d":"8.0"}]
["Utiliza Mudas Fiscalizadas",74,null,{"v":53.6231884057971,"d":"53.6"}]
["Utiliza Semente Melhorada",30,null,{"v":21.73913043478261,"d":"21.7"}]
["Faz Confinamento de Bovinos",1,null,{"v":0.7246376811594203,"d":"0.7"}]
["Utiliza Pastejo Intensivo",11,null,{"v":7.971014492753623,"d":"8.0"}]
["Faz Inseminação Artificial",4,null,{"v":2.898550724637681,"d":"2.9"}]
["Faz Mineralização do Rebanho",56,null,{"v":40.57971014492754,"d":"40.6"}]
["Faz Vermifugação do Rebanho",56,null,{"v":40.57971014492754,"d":"40.6"}]
["Possui Parceiros /Arrendatários na Exploração Animal",3,null,{"v":2.1739130434782608,"d":"2.2"}]
["Esporte e lazer","-",null,"-"]
["Extração mineral","-",null,"-"]
["Hotel Fazenda, Pousada ou SPA","-",null,"-"]
["Pesque-pague",1,null,{"v":0.7246376811594203,"d":"0.7"}]
["Restaurante ou Lanchonete",1,null,{"v":0.7246376811594203,"d":"0.7"}]
["Transformação artesanal","-",null,"-"]
["Turismo rural ou ecoturismo",1,null,{"v":0.7246376811594203,"d":"0.7"}]
["Outras atividades econômicas rurais","-",null,"-"]
["Agroindústria","-",null,"-"]
["Proprietário sem instrução ou com instrução incompleta",3,null,{"v":2.1739130434782608,"d":"2.2"}]
["Proprietário com antigo primário completo",46,null,{"v":33.333333333333336,"d":"33.3"}]
["Proprietário com 1° grau (ou antigo ginasial) completo",11,null,{"v":7.971014492753623,"d":"8.0"}]
["Proprietário com 2° grau (ou antigo colegial) completo",16,null,{"v":11.594202898550725,"d":"11.6"}]
["Proprietário com curso superior completo ",44,null,{"v":31.884057971014492,"d":"31.9"}]
["Pessoa Jurídica",18,null,{"v":13.043478260869565,"d":"13.0"}]
["Proprietário residente na própria UPA ",24,null,{"v":17.391304347826086,"d":"17.4"}]
["Fonte: Secretaria de Agricultura e Abastecimento, CDRS/IEA, Projeto LUPA."]
[]
["TABELA 221.5 - Área Cultivada, Município de Ibaté, Estado de São Paulo, 2007/08."]
["CULTURA","N.DE UPAs","MÍNIMO","MÉDIO","MÁXIMO","TOTAL"]
["Cana-de-acucar",95,0.5,{"v":187.56,"d":"187.6"},{"v":2886.4,"d":"2,886.4"},{"v":17818.5,"d":"17,818.5"}]
["Eucalipto",12,0.3,{"v":488.59,"d":"488.6"},{"v":4379,"d":"4,379.0"},{"v":5863.1,"d":"5,863.1"}]
["Braquiaria",87,0.4,{"v":51.06,"d":"51.1"},798.6,{"v":4442.2,"d":"4,442.2"}]
["Laranja",5,7.8,{"v":494.38,"d":"494.4"},{"v":1100,"d":"1,100.0"},{"v":2471.9,"d":"2,471.9"}]
["Milho",4,{"v":1,"d":"1.0"},3.8,10.8,15.2]
["Gramas",2,4.8,{"v":6.15,"d":"6.2"},7.5,12.3]
["Cafe",4,0.2,{"v":3.08,"d":"3.1"},7.3,12.3]
["Capim-napier (ou capim-elefante)",4,2.4,{"v":2.73,"d":"2.7"},3.6,10.9]
["Coloniao",1,{"v":10,"d":"10.0"},{"v":10,"d":"10.0"},{"v":10,"d":"10.0"},{"v":10,"d":"10.0"}]
["Pinus",2,0.3,2.4,4.5,4.8]
["Abobora (ou jerimum)",2,0.5,1.6,2.7,3.2]
["Alface",6,0.1,{"v":0.45,"d":"0.5"},0.9,2.7]
["Abacate",1,2.5,2.5,2.5,2.5]
["Chuchu",1,1.2,1.2,1.2,1.2]
["Outras olericolas",2,0.1,{"v":0.55,"d":"0.6"},{"v":1,"d":"1.0"},1.1]
["Limao",1,{"v":1,"d":"1.0"},{"v":1,"d":"1.0"},{"v":1,"d":"1.0"},{"v":1,"d":"1.0"}]
["Berinjela",1,{"v":1,"d":"1.0"},{"v":1,"d":"1.0"},{"v":1,"d":"1.0"},{"v":1,"d":"1.0"}]
["Quiabo",1,{"v":1,"d":"1.0"},{"v":1,"d":"1.0"},{"v":1,"d":"1.0"},{"v":1,"d":"1.0"}]
["Tangerina",1,0.8,0.8,0.8,0.8]
["Chicoria (ou chicoria-de-folha-crespa)",1,0.2,0.2,0.2,0.2]
["Fonte: Secretaria de Agricultura e Abastecimento, CDRS/IEA, Projeto LUPA."]